<?xml version="1.0" encoding="UTF-8"?><?xml-stylesheet type="text/xsl" href="static/style.xsl"?><OAI-PMH xmlns="http://www.openarchives.org/OAI/2.0/" xmlns:xsi="http://www.w3.org/2001/XMLSchema-instance" xsi:schemaLocation="http://www.openarchives.org/OAI/2.0/ http://www.openarchives.org/OAI/2.0/OAI-PMH.xsd"><responseDate>2026-04-19T09:38:58Z</responseDate><request verb="GetRecord" identifier="oai:www.recercat.cat:2117/329605" metadataPrefix="marc">https://recercat.cat/oai/request</request><GetRecord><record><header><identifier>oai:recercat.cat:2117/329605</identifier><datestamp>2025-07-23T04:56:47Z</datestamp><setSpec>com_2072_1033</setSpec><setSpec>col_2072_452951</setSpec></header><metadata><record xmlns="http://www.loc.gov/MARC21/slim" xmlns:dcterms="http://purl.org/dc/terms/" xmlns:xsi="http://www.w3.org/2001/XMLSchema-instance" xmlns:doc="http://www.lyncode.com/xoai" xsi:schemaLocation="http://www.loc.gov/MARC21/slim http://www.loc.gov/standards/marcxml/schema/MARC21slim.xsd">
   <leader>00925njm 22002777a 4500</leader>
   <datafield ind2=" " ind1=" " tag="042">
      <subfield code="a">dc</subfield>
   </datafield>
   <datafield ind2=" " ind1=" " tag="720">
      <subfield code="a">Carreras Pons, Joan</subfield>
      <subfield code="e">author</subfield>
   </datafield>
   <datafield ind2=" " ind1=" " tag="260">
      <subfield code="c">2007</subfield>
   </datafield>
   <datafield ind2=" " ind1=" " tag="520">
      <subfield code="a">L’edifici del carrer Bruguera número 51 de Calella és en l’actualitat el centre d’activitats de l’agrupament escolta Montnegre.&#xd;
El senyor Joan Nova va fer donació de l’edifici a la parròquia de Santa Maria, que el novembre de 1976 va deixar l’edifici perquè l’agrupament escolta Montnegre pogués exercir les seves activitats. Es tracta un edifici entre mitgeres de planta baixa més dues plantes pis on la superfície total de la parcel·la rectangular ocupa 182 m2, i la casa n’ocupa tota la superfície.&#xd;
La casa, té una superfície total de 350 m2 i al ser un edifici entre mitgeres, té una façana principal que 5,3 md’amplada i una façana posterior de també 5,3 m.&#xd;
La planta baixa de l’edifici és molt llarga ( 32,5 m) i d’una superfície construïda total de 182 m2, una planta primera de 87,5 m2 i una planta segona de 80,5 m2 ocupant els 350 m2 mencionats abans. Les superfícies útils de cada planta són les següents: 144 m2 en planta baixa, 59,6 m2 en la planta primera i 50,53 m2 en la planta segona.</subfield>
   </datafield>
   <datafield tag="653" ind2=" " ind1=" ">
      <subfield code="a">Àrees temàtiques de la UPC::Arquitectura::Sistemes de representació arquitectònica</subfield>
   </datafield>
   <datafield tag="653" ind2=" " ind1=" ">
      <subfield code="a">Architectural surveys</subfield>
   </datafield>
   <datafield tag="653" ind2=" " ind1=" ">
      <subfield code="a">Building failures</subfield>
   </datafield>
   <datafield tag="653" ind2=" " ind1=" ">
      <subfield code="a">Surveys</subfield>
   </datafield>
   <datafield tag="653" ind2=" " ind1=" ">
      <subfield code="a">Aixecaments arquitectònics -- Catalunya -- Calella</subfield>
   </datafield>
   <datafield tag="653" ind2=" " ind1=" ">
      <subfield code="a">Edificis -- Ensorrament</subfield>
   </datafield>
   <datafield ind2="0" ind1="0" tag="245">
      <subfield code="a">Aixecament de plànols i dictàmen de patologies de l'agrupament escolta Montnegre</subfield>
   </datafield>
</record></metadata></record></GetRecord></OAI-PMH>